000 00552nam a2200229Ia 4500
008 160525s9999||||xx |||||||||||||| ||und||
040 _cEnglish
082 _aVIII.C/Mother
082 _bBORI-95707
245 _aFlowers And Their Messages
300 _aXV+309
300 _cC
300 _ePaperback
530 _bAnuradha Damle
530 _u00095707.pdf
563 _aStudy
630 _aFlowers And Their Messages
650 _a"Agri,Botany,Chem."
650 _aScience
730 _aFlowers And Their Messages
942 _cBOOK
999 _c1385399
_d1385396